书目信息 |
| 题名: |
社会主义价格理论和价格改革的研究
|
|
| 作者: | 佐牧 著 | |
| 分册: | ||
| 出版信息: | 北京 中国展望出版社 1985 |
|
| 页数: | 127页 | |
| 开本: | 19cm | |
| 丛书名: | ||
| 单 册: | ||
| 中图分类: | F045.3 | |
| 科图分类: | ||
| 主题词: | 价格-经济改革 , 经济改革-价格 , 价格--研究 , 社会主义社会--生产方式 | |
| 电子资源: | ||
| ISBN: | ||
| 000 | 00760nam0 2200277 45 | |
| 001 | 0185002663 | |
| 005 | 20040421093144.0 | |
| 010 | @dCNY0.75 | |
| 091 | @a4271.111 | |
| 100 | @a19900918d1985 kemy0chiy0121 ea | |
| 101 | 0 | @achi |
| 102 | @aCN@b110000 | |
| 105 | @ay z 000yy | |
| 106 | @ar | |
| 200 | 10 | @a社会主义价格理论和价格改革的研究@Ashe hui zhu yi jia ge li lun he jia ge gai ge de yan jiu@f佐牧著 |
| 210 | @a北京@c中国展望出版社@d1985 | |
| 215 | @a127页@d19cm | |
| 606 | @a价格-经济改革 | |
| 606 | @a经济改革-价格 | |
| 606 | @a价格@x研究 | |
| 606 | 0 | @a社会主义社会@x生产方式 |
| 690 | @aF045.3 | |
| 701 | 0 | @a佐牧@Azuo mu@4著 |
| 801 | 0 | @aCN@b深圳图书馆@c20040421 |
| 801 | 2 | @aCN@bNLC@c20040421 |
| 905 | @f2@b155884-885@dF045.3@e62 | |
| 社会主义价格理论和价格改革的研究/佐牧著.-北京:中国展望出版社,1985 |
| 127页;19cm |
| ISBN :CNY0.75 |
| ● |
| 相关链接 |
|
|
|
|
正题名:社会主义价格理论和价格改革的研究
索取号:F045.3/62
 
预约/预借
| 序号 | 登录号 | 条形码 | 馆藏地/架位号 | 状态 | 备注 |
| 1 | 0155884 | 000192516 | 第一借阅区/ [索取号:F045.3/62] | 在馆 | |
| 2 | 0155885 | 000192525 | 密集书库/ [索取号:F045.3/62] | 在馆 | |
| 3 | 0155886 | 000192534 | 第一样本阅览室/ [索取号:F045.3/62] | 在馆 |